Statistiken für Länder Südostasiens mit einer leeren Karte

Klicken Sie hier um das Quiz zu spielen!

Allgemein

  • Dieses Quiz wurde 2,021 mal gespielt
  • Das Durchschnittsergebnis liegt bei 10 aus 11

Antwortstatistiken

Länder % Korrekt
Indonesien
98%
Thailand
98%
Vietnam
96%
Malaysia
95%
Laos
95%
Myanmar
91%
Kambodscha
90%
Philippinen
89%
Singapur
88%
Osttimor
80%
Brunei
79%

Verteilung der Resultate

Perzentil nach korrekt beantworteten Fragen

Anzahl Personen mit jedem Resultat

Ihre Resultats-Entwicklung

Sie haben dieses Quiz noch nicht gespielt